000 00246nam a22001217a 4500
999 _c12766
_d12766
020 _a9789352868766
100 _aBaase Sara
245 _aA Gift of Fire
250 _a4th
260 _aIndia
_bPearson
_c2018
300 _a494 pages
942 _cBK